000 00539nam a2200181Ia 4500
005 20250508155726.0
008 008 250505s9999 xx 000 0 eng d
037 _aTextual
040 _aFEDL
_beng
_cFEDL
041 _aeng
_2eng
084 _a379.111, HAR
_qFEDL
100 _aHartley Harry J
_9767357
245 0 _aEducational planning programming-budgeting: A systems approach
260 _aNew Jersey, USA
_bPrentice-Hall
_c1968
300 _axiv,290p.
942 _cTEXL
_h379.111, HAR
999 _c1358967
_d1358967